banner koha

Recuperação de terras públicas e modernização do sistema de registro de imóveis (Registro n. 298255)

MARC details
000 -LÍDER
campo de controle de tamanho fixo 00957nac a22003017a 4500
001 - NÚMERO DE CONTROLE
campo de controle BR2019000627
003 - IDENTIFICADOR DO NÚMERO DE CONTROLE
campo de controle BR-BrBNA
005 - DATA E HORÁRIO DA ÚLTIMA TRANSAÇÃO
campo de controle 20240105124055.0
008 - CAMPO DE DADOS FIXOS--INFORMAÇÃO GERAL
campo de controle de tamanho fixo 230509b bl.|||m| |||| 00| 0 por d
040 ## - FONTE DA CATALOGAÇÃO
Instituição da catalogação original BR-BrBNA
Idioma da catalogação por
Instituição que transcreveu o registro Biblioteca Nacional de Agricultura
072 ## - CÓDIGO DE CATEGORIA DE ASSUNTO
Código de Categoria de Assunto E11; D50
090 ## - NÚMERO DE CHAMADA LOCAL
Número de chamada E11 BR2019000627
110 1# - ENTRADA PRINCIPAL--NOME CORPORATIVO
Nome corporativo ou nome da jurisdição Ministério da Justiça, Brasília, DF (Brasil). Secretaria de Assuntos Legislativos
9 (RLIN) 7433
245 1# - TÍTULO
Título Recuperação de terras públicas e modernização do sistema de registro de imóveis
260 3# - PUBLICAÇÃO, DISTRIBUIÇÃO, ETC.
Local de publicação, distribuição, etc. Brasília, DF (Brasil):
Data da publicação, distribuição, etc. 2012.
300 ## - DESCRIÇÃO FÍSICA
Extensão 91 p.
490 ## - TÍTULO DA SÉRIE
Título da série Série Pensando o Direito (Brazil)
Número do volume ou designação sequencial da série no. 48
ISSN - International Standard Serial Number 2175-5760
500 ## - NOTA GERAL
Nota geral 3 tables
650 ## - ASSUNTO--TERMO TÓPICO
Cabeçalho tópico ou nome geográfico TERRA
650 ## - ASSUNTO--TERMO TÓPICO
Cabeçalho tópico ou nome geográfico POSSE DE TERRA
650 ## - ASSUNTO--TERMO TÓPICO
Cabeçalho tópico ou nome geográfico PROPRIEDADE RURAL
650 ## - ASSUNTO--TERMO TÓPICO
Cabeçalho tópico ou nome geográfico DIREITO AGRÁRIO
650 ## - ASSUNTO--TERMO TÓPICO
Cabeçalho tópico ou nome geográfico REGISTRO
650 ## - ASSUNTO--TERMO TÓPICO
Cabeçalho tópico ou nome geográfico SÃO PAULO
650 ## - ASSUNTO--TERMO TÓPICO
Cabeçalho tópico ou nome geográfico PARÁ
909 ## -
-- 202312
-- Lúcia Elande
-- 55
-- Lúcia Elande
942 ## - ELEMENTOS DE ENTRADA ADICIONADOS (KOHA)
Fonte da classificação ou esquema de arquivamento na estante Classificação AGRIS
Ocultar no OPAC Não
Tipo de material Koha Monografia Seriada
Exemplares
Situação do descarte Fonte da classificação ou esquema de arquivamento na estante Situação física Não pode ser emprestado Coleção Biblioteca de origem Biblioteca atual Localização na estante Total de empréstimos Número de telefone completo Código de barras Data de último acesso Tipo de material Koha Fonte de aquisição
  Classificação AGRIS       Biblioteca Nacional de Agricultura - Binagri Biblioteca Nacional de Agricultura - Binagri Agrobase - Acervo Geral   E11 BR2019000627 E11 BR2019000627 18/12/2023 Monografia Seriada Portaria Interministerial nº 164/94

BINAGRI

Telefone: (61)3218-2567/2388/3357/2097 - binagri@agro.gov.br

Ministério da Agricultura e Pecuária , Esplanada dos Ministérios, Bloco D, Anexo B, Brasília/DF, CEP: 70.043-900